000 00607nam a22002175i 4500
001 177231
003 ES-MaACL
005 20250930063153.0
008 110309s2008 sp |||| | spa d
020 _a978-84-936429-7-6
080 _a821.134.2-31"19"
100 1 _aVela, Fidel,
_d1934-
_9145468
245 1 0 _aProceso de paz
_b: ponencia Marco /
_cFidel Vela.
250 _a2ยช ed.
260 _a[Madrid] :
_bCultiva,
_c2008.
300 _a135 p. ;
_c21 cm.
490 1 _aCultiva ;
_v14
830 0 _aCultiva ;
_v14
_9191066
852 _aES-MaACL
_jE-14641
999 _c177231
_d177231